|
|
|
|
| LEADER |
01434nam a22002177a 4500 |
| 001 |
33725 |
| 003 |
BD-DhAAL |
| 005 |
20180917164612.0 |
| 008 |
180917t2018 bg a|||| s|||l00| 0 ben d |
| 999 |
|
|
|c 40010
|d 40010
|
| 082 |
|
|
|a 354.5492072253
|
| 245 |
|
|
|a রাষ্ট্রায়ত্ত প্রতিষ্ঠান সমূহের :
|b ২০১৮-১৯ অর্থবছরের বাজেট-সংক্ষিপ্তসার /
|c মনিটরিং সেল, অর্থ বিভাগ, অর্থ মন্ত্রণালয়, গণপ্রজাতন্ত্রী বাংলাদেশ সরকার
|
| 260 |
|
|
|a ঢাকা :
|b গণপ্রজাতন্ত্রী বাংলাদেশ সরকার,
|c ২০১৮
|
| 300 |
|
|
|a ৬৭ পৃষ্ঠা :
|b চিত্র ;
|c ২৭ সে.মি.
|
| 526 |
|
|
|a AAL
|
| 541 |
|
|
|a Development Book Agency
|e 33725
|
| 650 |
|
|
|a Budget
|z Bangladesh
|v Statistics
|v Periodicals.
|9 28232
|
| 710 |
|
|
|a গণপ্রজাতন্ত্রী বাংলাদেশ সরকার,
|b অর্থ মন্ত্রণালয়,
|b অর্থ বিভাগ
|9 28233
|
| 852 |
|
|
|a Ayesha Abed Library
|c General Stacks
|
| 942 |
|
|
|2 ddc
|c BK
|
| 952 |
|
|
|0 0
|1 0
|2 ddc
|4 0
|6 354_549207225300000_RAS
|7 0
|9 64294
|a BRACUL
|b BRACUL
|c GEN
|d 2018-08-28
|e Development Book Agency
|g 60.00
|l 0
|o 354.5492072253 RAS
|p 3010033725
|r 2018-08-28
|t 1
|v 60.00
|w 2018-08-28
|y BK
|